000 00529nam a2200145Ia 4500
008 140724s9999 xx 000 0 und d
050 _aHF 5415.2
_b.G182 2012
100 _aGalvez, Maria Johara G.
245 2 _aA marketing research and analysis for Let's Chow :
_ba fast casual emerging Chinese Restaurant /
_cMaria Johara G. Galvez.
260 _aLas PiƱas, Philippines :
_bSouthville International School and Colleges,
_cc2012.
300 _a54 p. :
_bill. ;
_c28 cm.
521 _aMarketing
942 _cTH
999 _c228666
_d228666